000 01798nam a22003497a 4500
999 _c21807
_d21807
003 AR-CdUCM
008 190425b ||||| |||| 00| 0 spa d
040 _aMUNICIPALIDAD PROVINCIAL DEL CUSCO
_cBIBLIOTECA MUNICIPAL DEL CUSCO
082 _aRev.Allp/N°6/1974
110 _aInstituto de Pastoral Andina
_912766
245 _aAllpanchis Phuturinqa :
_bRevista Anual /
260 _aCusco :
_bSalesiana,
_c1974.
300 _a231 páginas. :
_bilustraciones ;
_c20 cm.
440 _aRevista del Instituto de Pastoral Andina Cusco
_nAño [ ], [ ] semestre de 1974, N°6. Vol. VI
_946184
500 _aConflicto en los Andes
505 _aContenido: Conflicto en los Andes. -- El sentido de la historia. Guido G. Delran. -- Conflictos intercomunitarios en los Andes. Stephen B. Brush. -- El abusivo y el humilde. Ralph Bolton. -- El peón que se negaba. William W. Stein. -- Transformación ritual y cambio socio-político. David W. Guillet. -- Simbología religiosa y conflictos sociales. H. Oswaldo Urbano. -- Reflexión Teológico Pastoral. -- Procesos por supersticiones. Jose Dammert Bellido. --. Esta y no esta Las Casas. Juan Bautista Lassegue. -- No hay pastoral sin reflexión teológica. Thomas M.Garr.
650 _aCultura andina
_946160
650 _aAntropología cusqueña
_945862
650 _aReligiosidad andina
_944127
650 _aConstumbres y tradiciones
_946161
650 _aRitos andinos
_96634
700 _aDelran, Guido G.
_946185
700 _aBrush, Stephen B.
_946186
700 _aBolton, Ralph
_946187
700 _aStein, William W.
_946188
700 _aGuillet, David W.
_946189
700 _aUrbano, H. Oswaldo
_946190
700 _aDammert Bellido, José
_946191
700 _aLassegue, Juan Bautista
_946192
942 _2ddc
_cPP
945 _arac